Die Pharmakoradiographie der Gallenblase und Gallenwege mit Biligrafin und Morphin /

Hlavní autor: Gerlach, Heinz
Korporativní autor: Freie Universität Berlin
Jazyk: Němčina
Vydáno: Berlin : H. Gerlach, 1962
Fyzický popis: 136 s.
Knihy
Uloženo v:
LEADER 00698nam a22002172a 4500
001 001352570
003 CZ BrMZK
005 20131210093755.0
007 ta
008 131210s1962 gw er|||||||||||ger d
040 |a BOA001  |b cze 
100 1 |a Gerlach, Heinz  |4 dis 
245 1 4 |a Die Pharmakoradiographie der Gallenblase und Gallenwege mit Biligrafin und Morphin /  |c Heinz Gerlach 
260 |a Berlin :  |b H. Gerlach,  |c 1962 
300 |a 136 s. 
502 |a Disertace--Freie Universität Berlin, 1962 
710 2 |a Freie Universität Berlin  |7 kn20010710196 
910 |a BOA001  |b 2-0516.571 
990 |a BK 
991 |b 201312 
996 7 |b 2619046930  |c 2-0516.571  |l HP2  |r DEN  |n 0  |w 001387381  |u 000010  |a 1  |e BOA001  |j MZK50  |s A